Welfare Reauthorization : Overview of the Issues.

Provides an overview of welfare reauthorization issues. Discusses trends under welfare reform; funding for the Temporary Assistance for Needy Families (TANF) program and child care block grants, TANF work requirements, child support enforcement, responsible fatherhood initiatives, abstinence educati...

Full description

Bibliographic Details
Corporate Authors: Library of Congress. Congressional Research Service, ProQuest (Firm)
Format: eBook
Language:English
Published: [Place of publication not identified] : [publisher not identified], 2006.
Series:U.S. Congressional Research.
Subjects:
Online Access:Connect to the full text of this electronic book

MARC

Tag First Indicator Second Indicator Subfields
LEADER 00000cam a22000001a 4500
001 in00003327713
006 m d f
007 cr bn mmmapmmp
008 101207s2006 dcu o f000 0 eng d
005 20260430211647.4
035 |a cis2007853773 
040 |a ProQuest  |c ProQuest  |d UtOrBLW 
043 |a n-us--- 
099 |a CRS-2006-DSP-0444 
110 2 |a Library of Congress.  |b Congressional Research Service. 
245 1 0 |a Welfare Reauthorization :  |b Overview of the Issues. 
264 1 |a [Place of publication not identified] :  |b [publisher not identified],  |c 2006. 
300 |a 1 online resource. 
336 |a text  |b txt  |2 rdacontent 
337 |a computer  |b c  |2 rdamedia 
338 |a online resource  |b cr  |2 rdacarrier 
500 |a Record is based on bibliographic data in ProQuest U.S. Congressional Research Digital Collection (last viewed Dec. 2010). Reuse except for individual research requires license from ProQuest, LLC. 
500 |a CRS Report. 
520 |a Provides an overview of welfare reauthorization issues. Discusses trends under welfare reform; funding for the Temporary Assistance for Needy Families (TANF) program and child care block grants, TANF work requirements, child support enforcement, responsible fatherhood initiatives, abstinence education, and marriage promotion. 
500 |a Electronic resource. 
650 0 |a Child support. 
650 0 |a Child welfare. 
650 0 |a Marriage. 
655 7 |a Electronic books.  |2 local 
710 2 |a ProQuest (Firm) 
776 0 8 |i Microfiche version:   |a Library of Congress. Congressional Research Service.  |t Welfare Reauthorization 
830 0 |a U.S. Congressional Research. 
856 4 0 |u http://proxy.library.tamu.edu/login?url=https://congressional.proquest.com/congcomp/getdoc?CRDC-ID=CRS-2006-DSP-0444  |z Connect to the full text of this electronic book  |t 0 
999 |a MARS 
999 f f |s 810ac583-fe04-39b6-bb9c-dc1365a26817  |i bc207a53-1f49-36e7-ac76-abee8bea2013  |t 0 
952 f f |a Texas A&M University  |b College Station  |c Electronic Resources  |s www_evans  |d Available Online  |t 0  |e CRS-2006-DSP-0444  |h Other scheme 
998 f f |a CRS-2006-DSP-0444  |t 0  |l Available Online